000 00501nam a2200181Ia 4500
999 _c29616
_d29616
003 OSt
005 20201216100521.0
008 190216s9999||||xx |||||||||||||| ||und||
020 _a9788126415861
040 _coclc
082 _a894.8121
_bKUR/S
100 _aKurup, O N V
_97466
245 0 _aSnehichu Theerathavar /
_cO N V Kurup
260 _bD C Books,
_c2009.
_aKottayam:
300 _a73p
650 _aKavithkal
942 _cBK
_2ddc
_h894.8121
_iKUR/S
_k894.8121
_mKUR/S